00509nam a22001697a 450000500170000001000150001702000120003203500140004403700130005808200150007110000200008624500680010626000410017427000770021530000210029270000260031320230727162443.0 aENG-137628 c1800.00 aEN-121160 bDBAD/PUB a581.095432 aRajagopal, P.K. aPteridophytes of Karnataka State, Indiacby P.K. RajagopalhENG bVinayaka Prakashanac2016aKarnataka aVinayaka Second Road, Hayagreeva Nagara Indrali, Udupi- 576102 bIndrali a233p.c24cm(pbk) aK. Gopalakrishna Bhat